000 00703nam a2200241 4500
001 29442
003 BD-RjUL
005 20211209051420.0
008 140403s1956 ja a 00100 eng u
035 _a(BD-RjUL)29527
040 _cWSU
_dBD-RjUL
_aBD-RjUL
_beng
041 _aeng
082 0 4 _a915.19
_bMCK 1956
100 1 _aMcCune, Shannon
_d1913-1993.
_989770
245 1 0 _aKorea's heritage :
_ba regional & social geography /
250 _a[1st ed.]
260 _aTokyo ; Japan :
_bRutland, Vt.; C. E. Tuttle Co.,
_c1956.
300 _axiii, 250 p. :
_c22 cm.
_billus. ;
504 _aIncludes index.
651 0 _aKorea
_xDescription and travel.
_989771
942 _2ddc
_cBK
999 _c29442
_d29442